[Event "Montigny le Bretonneux op 10th"]
[Site "Montigny le Bretonneux"]
[Date "2011.10.28"]
[Round "7"]
[White "Fruchard, Cyrille"]
[Black "Conq, Alain"]
[Result "1-0"]
[WhiteElo "1821"]
[BlackElo "1804"]
[PlyCount "59"]
[EventDate "2011.10.22"]
[EventType "swiss"]
[EventRounds "9"]
[EventCountry "FRA"]
[SourceTitle "EXT 2012"]
[Source "ChessBase"]
[SourceDate "2011.11.24"]
[SourceVersion "1"]
[SourceVersionDate "2011.11.24"]
[SourceQuality "1"]

1. d4 d5 2. c4 c6 3. Nc3 Nf6 4. Nf3 dxc4 5. e3 b5 6. Ne5 Be6 7. Be2 g6 8. Bf3 Nd5 9. Bxd5 Bxd5 10. 0-0 b4 11. Nxd5 Qxd5 12. Qc2 c5 13. Qa4+ Nd7 14. Rd1 0-0-0 15. Nc6 Nb6 16. Qa6+ Kc7 17. Nxd8 Qxd8 18. Qxa7+ Kc8 19. Bd2 cxd4 20. Qa6+ Kc7 21. exd4 e6 22. a4 bxa3 23. bxa3 Qa8 24. Qb5 Qd5 25. Bf4+ Bd6 26. Bxd6+ Qxd6 27. a4 Qd5 28. Qb4 Qd6 29. Qc3 Qc6 30. d5 1-0